[Event "Titled Tuesday intern op 7th Mar Early"]
[Site "Chess.com INT"]
[Date "2023.03.07"]
[Round "3"]
[White "Garic, Radomir"]
[Black "Gabdrakhmanov, Azat"]
[Result "0-1"]
[WhiteElo "2219"]
[BlackElo "2319"]
[PlyCount "142"]
[EventDate "2023.03.07"]
[EventType "swiss (blitz)"]
[EventRounds "11"]
[EventCountry "USA"]
[SourceTitle "EXT 2024"]
[Source "ChessBase"]
[SourceDate "2023.10.10"]
[SourceVersion "1"]
[SourceVersionDate "2023.10.10"]
[SourceQuality "1"]

1. e4 c5 2. Nf3 e6 3. c3 d5 4. exd5 Qxd5 5. d4 Nf6 6. Be3 cxd4 7. cxd4 Nc6 8. Nc3 Qd6 9. a3 Be7 10. Bd3 0-0 11. 0-0 b6 12. Qe2 Bb7 13. Rad1 Rad8 14. Rfe1 Qb8 15. Bb1 Bd6 16. Bc1 Ne7 17. Ne5 Ng6 18. Nb5 Nxe5 19. dxe5 Bxe5 20. h3 Bf4 21. Bxf4 Qxf4 22. Nxa7 Rd5 23. Rxd5 Bxd5 24. Nb5 Qg5 25. g3 h5 26. Nc3 h4 27. Nxd5 exd5 28. Qe5 Qxe5 29. Rxe5 Rc8 30. Kg2 hxg3 31. Kxg3 Rc1 32. Ba2 Rc2 33. a4 Ne4+ 34. Kf4 Rxf2+ 35. Ke3 Rxb2 36. Bxd5 Nf6 37. Bf3 Rb3+ 38. Ke2 Rb4 39. Bc6 Rh4 40. Bb5 Rxh3 41. Re7 Rh5 42. Rb7 Nd5 43. Bc4 Rf5 44. Rb8+ Kh7 45. Bxd5 Rxd5 46. Rxb6 Rd4 47. a5 Ra4 48. Rb5 Kg6 49. Kd3 f5 50. Kc3 f4 51. Kb3 Ra1 52. Kb2 Re1 53. a6 Re6 54. a7 Ra6 55. Rb7 f3 56. Kc2 f2 57. Rb6+ Rxb6 58. a8Q f1Q 59. Qe8+ Kg5 60. Qe3+ Qf4 61. Qxb6 Qe4+ 62. Kd2 g6 63. Qd8+ Kf4 64. Qg8 g5 65. Qg7 Kg4 66. Qh6 Qf4+ 67. Ke2 Kg3 68. Qh5 g4 69. Qh1 Qf3+ 70. Qxf3+ gxf3+ 71. Kf1 f2 0-1

[Event "Titled Tuesday intern op 17th Jan Early"]
[Site "Chess.com INT"]
[Date "2023.01.17"]
[Round "3"]
[White "Garic, Radomir"]
[Black "Real Pereyra, Jeronimo"]
[Result "1/2-1/2"]
[WhiteElo "2222"]
[BlackElo "2156"]
[PlyCount "179"]
[EventDate "2023.01.17"]
[EventType "swiss (blitz)"]
[EventRounds "11"]
[EventCountry "USA"]
[SourceTitle "CBM 212 Extra"]
[Source "ChessBase"]
[SourceDate "2023.03.31"]
[SourceVersion "1"]
[SourceVersionDate "2023.03.31"]
[SourceQuality "1"]

1. e4 c5 2. Nf3 d6 3. Bc4 Nf6 4. d3 Nc6 5. 0-0 e6 6. Bb3 Be7 7. c3 0-0 8. Re1 Rb8 9. Nbd2 b5 10. d4 cxd4 11. cxd4 Re8 12. Nf1 a5 13. a4 Nb4 14. axb5 Bd7 15. Ng3 Bxb5 16. Bg5 Qb6 17. h3 Nd3 18. Re3 Nxb2 19. Qb1 Nc4 20. Bxc4 Bxc4 21. Qxb6 Rxb6 22. Rxa5 h6 23. Bxf6 Bxf6 24. e5 Be7 25. Ne4 Bd5 26. exd6 Bxd6 27. Ne5 Bxe5 28. dxe5 Bxe4 29. Rxe4 Re7 30. Ra8+ Kh7 31. Rg4 Rb5 32. f4 Rb4 33. Kh2 h5 34. Rg5 g6 35. Kg3 Rc7 36. Ra3 Rcc4 37. Rf3 Kh6 38. h4 Re4 39. Rf1 Rb3+ 40. Kh2 Re2 41. Rg3 Rxg3 42. Kxg3 Kg7 43. Kf3 Rb2 44. Re1 Rb3+ 45. Kf2 f6 46. Re2 fxe5 47. Rxe5 Kf6 48. g3 Rd3 49. Re2 Kf5 50. Re5+ Kg4 51. Rg5+ Kh3 52. Rxg6 Rd2+ 53. Kf3 Rd3+ 54. Kf2 Rd2+ 55. Ke3 Rd1 56. Ke2 Rg1 57. Kf2 Rg2+ 58. Kf3 Rg1 59. Rg5 Rf1+ 60. Ke2 Rg1 61. Kf2 Rg2+ 62. Kf3 Rg1 63. Rg8 Rg2 64. Rg7 Rg1 65. Rg6 Re1 66. Rg5 Rf1+ 67. Ke2 Rg1 68. Kf2 Rg2+ 69. Kf3 Rg1 70. Re5 Rxg3+ 71. Ke4 Kxh4 72. Rxe6 Rg1 73. Rh6 Re1+ 74. Kf5 Rf1 75. Rh8 Kg3 76. Rg8+ Kf3 77. Rh8 Ke3 78. Re8+ Kf3 79. Kg5 Kg3 80. f5 h4 81. Re3+ Kg2 82. f6 h3 83. Re2+ Kg3 84. Re4 h2 85. Rg4+ Kh3 86. Rh4+ Kg2 87. Kg6 h1Q 88. Rxh1 Kxh1 89. f7 Rxf7 90. Kxf7 1/2-1/2

[Event "Titled Tuesday intern op 08th Nov Early"]
[Site "Chess.com INT"]
[Date "2022.11.08"]
[Round "2"]
[White "Putnam, Liam H"]
[Black "Garic, Radomir"]
[Result "1-0"]
[WhiteElo "2161"]
[BlackElo "2222"]
[PlyCount "91"]
[EventDate "2022.11.08"]
[EventType "swiss (blitz)"]
[EventRounds "11"]
[EventCountry "USA"]
[SourceTitle "EXT 2024"]
[Source "ChessBase"]
[SourceDate "2023.10.10"]
[SourceVersion "1"]
[SourceVersionDate "2023.10.10"]
[SourceQuality "1"]

1. e4 c5 2. d4 cxd4 3. Nf3 Nc6 4. Nxd4 Qc7 5. Nc3 e6 6. Be3 a6 7. Qf3 Ne5 8. Qg3 Bd6 9. f4 Ng6 10. e5 Bb4 11. Bd2 N8e7 12. h4 h5 13. a3 Bc5 14. Nb3 Nf5 15. Qh3 Be7 16. g3 b5 17. Bd3 Nh6 18. Bxg6 fxg6 19. 0-0-0 Bb7 20. Rhe1 Rc8 21. Kb1 Bf3 22. Rc1 Bg4 23. Qg2 Bf5 24. Ne4 Qc4 25. Bc3 Ng4 26. Rcd1 Qc7 27. Nd6+ Bxd6 28. exd6 Qc4 29. Na5 Qa4 30. Kc1 Rxc3 31. bxc3 Qxa3+ 32. Kd2 0-0 33. Nb7 b4 34. Qf3 b3 35. Ra1 Qb2 36. Rec1 bxc2 37. Nc5 Rc8 38. Nxd7 Nh2 39. Qe3 Be4 40. Ne5 Rc5 41. Qxc5 Nf3+ 42. Ke3 Nxe5 43. fxe5 Bd5 44. d7 Qb8 45. Qc8+ Kh7 46. Qxb8 1-0

[Event "Titled Tuesday intern op 22 Mar Late"]
[Site "Chess.com INT"]
[Date "2022.03.22"]
[Round "2"]
[White "Le Goff, Ronan"]
[Black "Garic, Radomir"]
[Result "1/2-1/2"]
[WhiteElo "2288"]
[BlackElo "2229"]
[PlyCount "137"]
[EventDate "2022.03.22"]
[EventType "swiss (blitz)"]
[EventRounds "11"]
[EventCountry "USA"]
[SourceTitle "CBM 207 Extra"]
[Source "ChessBase"]
[SourceDate "2022.05.31"]
[SourceVersion "1"]
[SourceVersionDate "2022.05.31"]
[SourceQuality "1"]

1. d4 Nf6 2. Nf3 c5 3. d5 g6 4. Nc3 Bg7 5. e4 0-0 6. h3 b5 7. e5 Ne8 8. Bxb5 d6 9. 0-0 Nc7 10. Bc4 Ba6 11. Bxa6 Nbxa6 12. Bf4 Rb8 13. Rb1 Nb4 14. exd6 exd6 15. a3 Bxc3 16. axb4 Bxb4 17. c3 Ba5 18. Bg5 Qd7 19. Re1 Rfe8 20. Qd2 c4 21. Be3 Bb6 22. Bxb6 Rxb6 23. Rxe8+ Qxe8 24. Re1 Qf8 25. Re4 Rb5 26. Rxc4 Rxd5 27. Qe2 Ne6 28. Qe4 Rd1+ 29. Kh2 d5 30. Qe2 Qb8+ 31. g3 dxc4 32. Qxd1 Qxb2 33. Qd2 Qxd2 34. Nxd2 Nc5 35. Nxc4 Ne4 36. f4 Nxc3 37. Kg2 h5 38. Kf3 Kg7 39. g4 h4 40. g5 Nd5 41. Kg4 Kf8 42. Kxh4 Nxf4 43. Kg4 Ne6 44. h4 Ng7 45. Kf4 Ke7 46. Ke5 Nh5 47. Na5 Kd7 48. Nb3 Kc6 49. Nd4+ Kc5 50. Nb3+ Kb4 51. Nd4 Kc4 52. Nc6 a6 53. Kd6 Nf4 54. Ke7 Ng2 55. Kxf7 Nxh4 56. Ne5+ Kd5 57. Nxg6 Nxg6 58. Kxg6 a5 59. Kf7 a4 60. g6 a3 61. g7 a2 62. g8Q a1Q 63. Qd8+ Kc6 64. Qc8+ Kb6 65. Qb8+ Kc6 66. Qc8+ Kb6 67. Qd8+ Kc6 68. Qf6+ Qxf6+ 69. Kxf6 1/2-1/2

[Event "Paracin op 01"]
[Site "Paracin"]
[Date "2022.01.20"]
[Round "6"]
[White "Garic, Radomir"]
[Black "Lazic, Emanuel"]
[Result "1-0"]
[WhiteElo "2238"]
[BlackElo "1966"]
[PlyCount "65"]
[EventDate "2022.01.17"]
[EventType "swiss"]
[EventRounds "9"]
[EventCountry "SRB"]
[SourceTitle "CBM 206 Extra"]
[Source "ChessBase"]
[SourceDate "2022.03.31"]
[SourceVersion "1"]
[SourceVersionDate "2022.03.31"]
[SourceQuality "1"]

1. e4 c5 2. Nf3 d6 3. Bc4 Nc6 4. d3 e6 5. 0-0 Nf6 6. Bb3 Be7 7. c3 0-0 8. Re1 Qc7 9. Nbd2 e5 10. Nf1 b5 11. d4 Bg4 12. dxc5 dxc5 13. h3 Bc8 14. Ng3 c4 15. Bc2 h6 16. Nh4 Bc5 17. Qf3 Qe7 18. Nhf5 Bxf5 19. Nxf5 Qe6 20. b4 Bb6 21. Bxh6 gxh6 22. Qg3+ Ng4 23. Qxg4+ Qg6 24. a4 Kh7 25. axb5 Nd8 26. Ne7 Qxg4 27. hxg4 Nb7 28. Red1 Rfd8 29. Nc6 Re8 30. Rd5 Re6 31. Rxe5 Rxe5 32. Nxe5 Nd6 33. Nd7 1-0

[Event "Titled Tuesday intern op 13th Apr"]
[Site "Chess.com INT"]
[Date "2021.04.13"]
[Round "1"]
[White "Budrewicz, Krzysztof"]
[Black "Garic, Radomir"]
[Result "1-0"]
[WhiteElo "2289"]
[BlackElo "2244"]
[PlyCount "99"]
[EventDate "2021.04.13"]
[EventType "swiss (blitz)"]
[EventRounds "11"]
[EventCountry "USA"]
[SourceTitle "CBM 201 Extra"]
[Source "ChessBase"]
[SourceDate "2021.05.31"]
[SourceVersion "1"]
[SourceVersionDate "2021.05.31"]
[SourceQuality "1"]

1. d4 Nf6 2. c4 c5 3. d5 b5 4. Nf3 g6 5. Qc2 b4 6. e4 d6 7. a3 bxa3 8. Rxa3 Bg7 9. Nc3 0-0 10. h3 Na6 11. Be2 Nb4 12. Qb1 e5 13. 0-0 Nh5 14. Re1 a6 15. Na2 Qb6 16. Nxb4 Qxb4 17. Bd2 Qb7 18. Qc2 Nf4 19. Bf1 f5 20. Kh2 fxe4 21. Ng5 Qe7 22. Nxe4 Bf5 23. Qd1 Bxe4 24. Rxe4 Qf7 25. Rf3 Qd7 26. b3 Rab8 27. g3 Nh5 28. Bg2 Rxf3 29. Bxf3 Rf8 30. Kg2 Nf6 31. Re1 e4 32. Bxe4 Nxe4 33. Rxe4 Bd4 34. f4 Qf5 35. Qe2 Rf7 36. g4 Qd7 37. Re6 Bg7 38. Qe4 Bf8 39. Kg3 Qb7 40. Qd3 Rg7 41. h4 h5 42. Rxg6 hxg4 43. Rxg7+ Bxg7 44. Kxg4 Qb8 45. h5 Qf8 46. Qf5 Qb8 47. Qe6+ Kh7 48. Qg6+ Kh8 49. h6 Bd4 50. Be3 1-0

[Event "Titled Tuesday intern op 06th Apr"]
[Site "Chess.com INT"]
[Date "2021.04.06"]
[Round "1"]
[White "Bharath, Subramaniyam H"]
[Black "Garic, Radomir"]
[Result "1-0"]
[WhiteElo "2437"]
[BlackElo "2244"]
[PlyCount "73"]
[EventDate "2021.04.06"]
[EventType "swiss (blitz)"]
[EventRounds "11"]
[EventCountry "USA"]
[SourceTitle "CBM 201 Extra"]
[Source "ChessBase"]
[SourceDate "2021.05.31"]
[SourceVersion "1"]
[SourceVersionDate "2021.05.31"]
[SourceQuality "1"]

1. e4 Nc6 2. d4 e5 3. d5 Nce7 4. c4 Ng6 5. Nc3 Bc5 6. Bd3 d6 7. Nge2 Nf6 8. Na4 Bb4+ 9. Bd2 Bxd2+ 10. Qxd2 a6 11. Nac3 0-0 12. h4 h5 13. 0-0-0 Bd7 14. g3 b5 15. f4 b4 16. Nb1 a5 17. f5 Ne7 18. Rdf1 Qb8 19. g4 Nxg4 20. f6 Ng6 21. fxg7 Kxg7 22. Ng3 Rh8 23. Qg5 Qb6 24. Nf5+ Kf8 25. Nd2 Bxf5 26. Qxf5 Nf4 27. Bc2 Qe3 28. Rf3 Qd4 29. Rhf1 Rh6 30. Qg5 Rg6 31. Rxf4 exf4 32. Qxh5 Qe3 33. e5 Qxe5 34. Bxg6 fxg6 35. Qxg6 Ne3 36. Rg1 Re8 37. Qh7 1-0

[Event "Titled Tuesday intern op 09th Mar"]
[Site "Chess.com INT"]
[Date "2021.03.09"]
[Round "4"]
[White "Garic, Radomir"]
[Black "Loy, Konstantin"]
[Result "0-1"]
[WhiteElo "2244"]
[BlackElo "2268"]
[PlyCount "104"]
[EventDate "2021.03.09"]
[EventType "swiss (blitz)"]
[EventRounds "11"]
[EventCountry "USA"]
[SourceTitle "CBM 201 Extra"]
[Source "ChessBase"]
[SourceDate "2021.05.31"]
[SourceVersion "1"]
[SourceVersionDate "2021.05.31"]
[SourceQuality "1"]

1. e4 c5 2. Nf3 d6 3. Be2 Nf6 4. c3 g6 5. 0-0 Bg7 6. Bb5+ Bd7 7. Bxd7+ Nbxd7 8. Re1 0-0 9. d4 cxd4 10. cxd4 d5 11. e5 Ne4 12. Nbd2 Nxd2 13. Bxd2 Qb6 14. Bc3 e6 15. h4 Rfc8 16. h5 Nf8 17. Qd2 Qd8 18. Qf4 Rc6 19. g3 Rac8 20. Kg2 h6 21. hxg6 fxg6 22. Qg4 Qe8 23. Rh1 Qf7 24. Nh4 g5 25. Nf3 Ng6 26. Rh5 Rf8 27. Rah1 Qf5 28. Qxf5 Rxf5 29. Rxh6 Bxh6 30. Rxh6 Kg7 31. Rh5 g4 32. Rxf5 exf5 33. Ng5 Nf8 34. f3 Ne6 35. fxg4 Nxg5 36. gxf5 Rc8 37. g4 Kf7 38. Kg3 Rh8 39. Kf4 Ne4 40. Bb4 Rh1 41. e6+ Kf6 42. Bf8 Rf1+ 43. Ke3 Re1+ 44. Kf3 Ng5+ 45. Kf2 Re4 46. Bd6 Rxg4 47. Be5+ Ke7 48. Ke3 Re4+ 49. Kd3 Nxe6 50. f6+ Kf7 51. b4 a6 52. Bf4 Rxf4 0-1

[Event "Titled Tuesday intern op 29th Dec"]
[Site "Chess.com INT"]
[Date "2020.12.29"]
[Round "3"]
[White "Garic, Radomir"]
[Black "Trost, Edvin"]
[Result "1-0"]
[WhiteElo "2244"]
[BlackElo "2184"]
[PlyCount "117"]
[EventDate "2020.12.29"]
[EventType "swiss (blitz)"]
[EventRounds "11"]
[EventCountry "USA"]
[SourceTitle "CBM 200 Extra"]
[Source "ChessBase"]
[SourceDate "2021.03.31"]
[SourceVersion "1"]
[SourceVersionDate "2021.03.31"]
[SourceQuality "1"]

1. e4 e5 2. Nf3 d6 3. d4 exd4 4. Nxd4 Nf6 5. Nc3 g6 6. Bf4 Bg7 7. Qd2 0-0 8. f3 a6 9. Bh6 b5 10. Bxg7 Kxg7 11. 0-0-0 b4 12. Nd5 c5 13. Nf5+ Bxf5 14. exf5 Nc6 15. Nxf6 Qxf6 16. Qxd6 Rfd8 17. Qxf6+ Kxf6 18. Rxd8 Nxd8 19. fxg6 fxg6 20. Bc4 Nc6 21. Bd5 Rc8 22. Bxc6 Rxc6 23. Re1 a5 24. Re4 g5 25. Kd2 h5 26. Ke2 Rd6 27. h4 Rd5 28. hxg5+ Kxg5 29. g3 Kf5 30. Rc4 Re5+ 31. Kf2 Rd5 32. Ke3 Re5+ 33. Re4 Rd5 34. g4+ hxg4 35. Rxg4 Rd1 36. Rc4 Re1+ 37. Kd3 Re5 38. Rh4 Rd5+ 39. Ke3 Re5+ 40. Kf2 Kg5 41. f4+ Kxh4 42. fxe5 Kg5 43. Ke3 Kf5 44. Kd3 Kxe5 45. Kc4 Kd6 46. Kb5 a4 47. Kxa4 Kd5 48. Kb5 Kd4 49. b3 Kc3 50. Kxc5 Kxc2 51. Kxb4 Kb2 52. a4 Ka1 53. a5 Kb2 54. a6 Ka1 55. a7 Kb2 56. a8Q Kb1 57. Qg2 Kc1 58. Kc3 Kd1 59. Qd2# 1-0

[Event "Titled Tuesday intern op 29th Dec"]
[Site "Chess.com INT"]
[Date "2020.12.29"]
[Round "5"]
[White "Skuhala, Jernej"]
[Black "Garic, Radomir"]
[Result "1-0"]
[WhiteElo "2351"]
[BlackElo "2244"]
[PlyCount "95"]
[EventDate "2020.12.29"]
[EventType "swiss (blitz)"]
[EventRounds "11"]
[EventCountry "USA"]
[SourceTitle "CBM 200 Extra"]
[Source "ChessBase"]
[SourceDate "2021.03.31"]
[SourceVersion "1"]
[SourceVersionDate "2021.03.31"]
[SourceQuality "1"]

1. e4 c5 2. Nc3 e6 3. Nf3 Nc6 4. d4 cxd4 5. Nxd4 Qc7 6. Be3 a6 7. Qd2 Nf6 8. f3 Bb4 9. a3 Be7 10. 0-0-0 b5 11. Kb1 Rb8 12. Na2 b4 13. Nxc6 Qxc6 14. axb4 d5 15. e5 Nd7 16. f4 Nb6 17. c3 0-0 18. Bd3 Bd7 19. h4 Nc4 20. Bxc4 Qxc4 21. Qd3 Qc7 22. Rh3 Bb5 23. Qd2 a5 24. bxa5 Qxa5 25. c4 Qxd2 26. Bxd2 Bxc4 27. Bc3 Rb3 28. Nc1 Rb7 29. h5 Rc8 30. g4 Bb3 31. Nxb3 Rxb3 32. Kc2 Rb7 33. f5 Bb4 34. fxe6 fxe6 35. g5 Kf7 36. Rf3+ Ke8 37. g6 h6 38. Kd3 Bxc3 39. bxc3 Rbc7 40. Kd2 Kd7 41. Ra1 Kc6 42. Ra6+ Kb5 43. Rxe6 d4 44. cxd4 Rc1 45. Rb3+ Kc4 46. Kxc1 Kxb3+ 47. Kd2 Kc4 48. Ke3 1-0

[Event "Titled Tuesday intern op 22nd Dec"]
[Site "Chess.com INT"]
[Date "2020.12.22"]
[Round "2"]
[White "Garic, Radomir"]
[Black "Spyropoulos, Nikolaos"]
[Result "0-1"]
[WhiteElo "2244"]
[BlackElo "2425"]
[PlyCount "35"]
[EventDate "2020.12.22"]
[EventType "swiss (blitz)"]
[EventRounds "11"]
[EventCountry "USA"]
[SourceTitle "CBM 199 Extra"]
[Source "ChessBase"]
[SourceDate "2021.01.31"]
[SourceVersion "1"]
[SourceVersionDate "2021.01.31"]
[SourceQuality "1"]

1. e4 e5 2. Nf3 Nc6 3. Nc3 Nf6 4. Bb5 Bb4 5. d3 0-0 6. 0-0 Bxc3 7. bxc3 Qe7 8. Bg5 h6 9. Bh4 d6 10. Nd2 Bd7 11. f4 exf4 12. Bxc6 bxc6 13. Rxf4 g5 14. Qf3 gxf4 15. Qxf4 Nh5 16. Bxe7 Nxf4 17. Bxf8 Kxf8 18. Rb1 0-1

[Event "Titled Tuesday intern op 22nd Dec"]
[Site "Chess.com INT"]
[Date "2020.12.22"]
[Round "4"]
[White "Horak, Martin"]
[Black "Garic, Radomir"]
[Result "1-0"]
[WhiteElo "2330"]
[BlackElo "2244"]
[PlyCount "117"]
[EventDate "2020.12.22"]
[EventType "swiss (blitz)"]
[EventRounds "11"]
[EventCountry "USA"]
[SourceTitle "CBM 199 Extra"]
[Source "ChessBase"]
[SourceDate "2021.01.31"]
[SourceVersion "1"]
[SourceVersionDate "2021.01.31"]
[SourceQuality "1"]

1. e4 c5 2. Nf3 Nc6 3. d4 cxd4 4. Nxd4 Qc7 5. Nc3 e6 6. Nb3 a6 7. Bd3 Nf6 8. 0-0 h5 9. Qe2 Ng4 10. f4 b5 11. h3 Qb6+ 12. Kh1 Bb7 13. Bd2 Rc8 14. Rae1 Nb4 15. g3 Nxd3 16. cxd3 Nf6 17. Kh2 Bc6 18. Be3 Qb7 19. Bd4 b4 20. Nd1 Qb5 21. Ne3 a5 22. Rc1 Nxe4 23. Nxa5 h4 24. Nxc6 hxg3+ 25. Kg2 Rxc6 26. Rxc6 dxc6 27. Rc1 c5 28. Nc4 Nd6 29. Bxg7 Qc6+ 30. Qf3 Qxf3+ 31. Kxf3 Bxg7 32. Nxd6+ Ke7 33. Ne4 Bxb2 34. Rxc5 Rxh3 35. Rc7+ Kd8 36. Rxf7 Bc3 37. Kg2 Rh2+ 38. Kxg3 Rxa2 39. Nc5 Ra3 40. Nxe6+ Ke8 41. Rb7 Bd4 42. Nxd4 Rxd3+ 43. Nf3 b3 44. Kg4 Kd8 45. Ne5 Kc8 46. Nxd3 Kxb7 47. f5 Kc6 48. f6 Kd6 49. Kg5 Kd5 50. f7 Kd4 51. f8Q Kxd3 52. Qb4 Kc2 53. Qc4+ Kb2 54. Kf4 Ka3 55. Qa6+ Kb2 56. Ke3 Kb1 57. Kd2 b2 58. Kc3 Kc1 59. Qf1# 1-0

[Event "Titled Tuesday intern op 15st Dec"]
[Site "Chess.com INT"]
[Date "2020.12.15"]
[Round "2"]
[White "Studer, Noel"]
[Black "Garic, Radomir"]
[Result "1-0"]
[WhiteElo "2588"]
[BlackElo "2244"]
[PlyCount "115"]
[EventDate "2020.12.15"]
[EventType "swiss (blitz)"]
[EventRounds "11"]
[EventCountry "USA"]
[SourceTitle "CBM 199 Extra"]
[Source "ChessBase"]
[SourceDate "2021.01.31"]
[SourceVersion "1"]
[SourceVersionDate "2021.01.31"]
[SourceQuality "1"]

1. d4 Nf6 2. c4 Nc6 3. Nf3 e6 4. g3 g6 5. Bg2 Bg7 6. 0-0 0-0 7. Nc3 d5 8. cxd5 exd5 9. Bf4 Bf5 10. Rc1 Ne4 11. Nb5 Rc8 12. a3 g5 13. Be3 Re8 14. Nc3 h6 15. b4 Ne7 16. Ne1 Ng6 17. Nd3 c6 18. Qb3 Rc7 19. Rfd1 Rce7 20. b5 Nxc3 21. Rxc3 Rxe3 22. fxe3 Rxe3 23. Nb4 Rxe2 24. bxc6 bxc6 25. Nxc6 Qe8 26. Qb8 Re1+ 27. Rxe1 Bxd4+ 28. Kh1 Qxb8 29. Nxb8 Bxc3 30. Re8+ Kg7 31. Bxd5 Ne5 32. Nc6 Bd7 33. Rxe5 Bxc6 34. Rf5 Kg6 35. g4 Bxd5+ 36. Rxd5 a5 37. a4 Be1 38. Kg2 Bb4 39. Rf5 Bc3 40. h3 h5 41. Kf3 h4 42. Ke4 Bb4 43. Kd5 Bc3 44. Kc6 Bb4 45. Kd7 Bc3 46. Ke8 f6 47. Kd7 Bd2 48. Kc6 Bc3 49. Kc5 Be5 50. Kd5 Bf4 51. Ke6 Be5 52. Rxe5 fxe5 53. Kxe5 Kh7 54. Kf5 Kh6 55. Kf6 Kh7 56. Kxg5 Kg7 57. Kxh4 Kf6 58. g5+ 1-0

[Event "Titled Tuesday intern op 17th Nov"]
[Site "Chess.com INT"]
[Date "2020.11.17"]
[Round "1"]
[White "Garic, Radomir"]
[Black "Erdogdu, Mert"]
[Result "1/2-1/2"]
[WhiteElo "2244"]
[BlackElo "2396"]
[PlyCount "92"]
[EventDate "2020.11.17"]
[EventType "swiss (blitz)"]
[EventRounds "11"]
[EventCountry "USA"]
[SourceTitle "CBM 199 Extra"]
[Source "ChessBase"]
[SourceDate "2021.01.31"]
[SourceVersion "1"]
[SourceVersionDate "2021.01.31"]
[SourceQuality "1"]

1. e4 c5 2. Nf3 d6 3. Be2 Nc6 4. c3 g6 5. d4 cxd4 6. cxd4 Bg7 7. 0-0 Bg4 8. Be3 Nf6 9. Nc3 0-0 10. h3 Bxf3 11. Bxf3 e5 12. Qd2 exd4 13. Bxd4 Re8 14. Be3 Rc8 15. Rad1 Ne5 16. Be2 Nc4 17. Bxc4 Rxc4 18. Qxd6 Qxd6 19. Rxd6 Nxe4 20. Nxe4 Rcxe4 21. Rd7 Rb4 22. b3 a6 23. Rc1 Be5 24. Rc5 h5 25. Kf1 Kg7 26. Bd2 Rb6 27. Rxe5 Rxe5 28. Bc3 Kf6 29. Bxe5+ Kxe5 30. Rxf7 a5 31. Ke2 a4 32. bxa4 Rb2+ 33. Ke3 Rxa2 34. f4+ Ke6 35. Rxb7 Rxg2 36. Rb6+ Kf5 37. Rb5+ Kf6 38. a5 Rg3+ 39. Ke4 Rxh3 40. Rb6+ Kg7 41. f5 gxf5+ 42. Kxf5 Ra3 43. Rb7+ Kh6 44. Rb6+ Kg7 45. Rb7+ Kh6 46. Rb6+ Kg7 1/2-1/2

[Event "Titled Tuesday intern op 17th Nov"]
[Site "Chess.com INT"]
[Date "2020.11.17"]
[Round "5"]
[White "Garic, Radomir"]
[Black "Sokolovsky, Yahli"]
[Result "1-0"]
[WhiteElo "2244"]
[BlackElo "2489"]
[PlyCount "97"]
[EventDate "2020.11.17"]
[EventType "swiss (blitz)"]
[EventRounds "11"]
[EventCountry "USA"]
[SourceTitle "CBM 199 Extra"]
[Source "ChessBase"]
[SourceDate "2021.01.31"]
[SourceVersion "1"]
[SourceVersionDate "2021.01.31"]
[SourceQuality "1"]

1. e4 g6 2. d4 Bg7 3. Nf3 d6 4. Nc3 Nf6 5. Be2 0-0 6. 0-0 c5 7. d5 a6 8. a4 b6 9. h3 e6 10. Bg5 e5 11. Nd2 Nbd7 12. Nc4 Qc7 13. Qd2 Rb8 14. Na3 Re8 15. Bg4 Nf8 16. Bxc8 Qxc8 17. Nc4 Qd7 18. Rfb1 b5 19. axb5 axb5 20. Na5 b4 21. Nd1 Nxe4 22. Qc1 Nxg5 23. Qxg5 Ra8 24. Nc6 h6 25. Qd2 Qb7 26. Ne3 Nd7 27. Nc4 Qc7 28. Qd1 Nb6 29. b3 Nxc4 30. bxc4 e4 31. h4 Rxa1 32. Rxa1 Bxa1 33. Qxa1 Qb7 34. h5 Qd7 35. hxg6 fxg6 36. Qf6 Kh7 37. g3 e3 38. fxe3 Rxe3 39. Nd8 Re7 40. Ne6 Rf7 41. Nf8+ Rxf8 42. Qxf8 h5 43. Kg2 g5 44. Kh2 Kg6 45. Kg2 Qg7 46. Qxd6+ Qf6 47. Qxc5 g4 48. Qc6 Qxc6 49. dxc6 1-0

[Event "Titled Tuesday intern op 27th Oct"]
[Site "Chess.com INT"]
[Date "2020.10.27"]
[Round "2"]
[White "Garic, Radomir"]
[Black "Al Tarbosh, Ward"]
[Result "1-0"]
[WhiteElo "2244"]
[BlackElo "2230"]
[PlyCount "53"]
[EventDate "2020.10.27"]
[EventType "swiss (blitz)"]
[EventRounds "11"]
[EventCountry "USA"]
[SourceTitle "CBM 199 Extra"]
[Source "ChessBase"]
[SourceDate "2021.01.31"]
[SourceVersion "1"]
[SourceVersionDate "2021.01.31"]
[SourceQuality "1"]

1. e4 e6 2. d4 d5 3. Nc3 Nf6 4. Bg5 dxe4 5. Nxe4 Be7 6. Bxf6 gxf6 7. Nf3 f5 8. Nc3 a6 9. g3 b5 10. Bg2 Bb7 11. 0-0 b4 12. Ne2 0-0 13. Nf4 Nd7 14. Re1 Nf6 15. Ne5 Bxg2 16. Kxg2 Nd5 17. Nh5 f6 18. Nc6 Qd6 19. Nxe7+ Nxe7 20. Qe2 Kf7 21. Rad1 Ng6 22. c4 Rae8 23. Rd3 Rg8 24. Re3 e5 25. c5 Qxd4 26. Qxa6 Qxc5 27. Qxf6# 1-0

[Event "Titled Tuesday intern op 27th Oct"]
[Site "Chess.com INT"]
[Date "2020.10.27"]
[Round "10"]
[White "Rodriguez, Santiago"]
[Black "Garic, Radomir"]
[Result "1-0"]
[WhiteElo "2252"]
[BlackElo "2244"]
[PlyCount "151"]
[EventDate "2020.10.27"]
[EventType "swiss (blitz)"]
[EventRounds "11"]
[EventCountry "USA"]
[SourceTitle "CBM 199 Extra"]
[Source "ChessBase"]
[SourceDate "2021.01.31"]
[SourceVersion "1"]
[SourceVersionDate "2021.01.31"]
[SourceQuality "1"]

1. d4 Nf6 2. Bg5 Ne4 3. Bf4 c5 4. f3 Nf6 5. dxc5 b6 6. Nc3 bxc5 7. e4 d6 8. Qd2 Nc6 9. Bc4 Rb8 10. b3 e5 11. Bg5 Be6 12. Bd5 Nd4 13. Nge2 Be7 14. h4 h6 15. Be3 Nxd5 16. exd5 Bf5 17. Bxd4 cxd4 18. Ne4 Bxh4+ 19. g3 Bxe4 20. fxe4 Bg5 21. Qd3 Rc8 22. 0-0 0-0 23. c4 dxc3 24. Nxc3 Qa5 25. Rf3 Rc7 26. Raf1 Rfc8 27. Na4 f6 28. Kg2 Rc2+ 29. R1f2 Rc1 30. Rf1 R8c2+ 31. R3f2 Rxf1 32. Qxf1 Rxf2+ 33. Qxf2 Qb4 34. Qc2 Kh7 35. Kf3 Qe1 36. Qe2 Qh1+ 37. Qg2 Qh5+ 38. Kf2 Qe8 39. Qf3 g6 40. Qc3 h5 41. Qc7+ Kh6 42. Qxd6 Qc8 43. Nc5 h4 44. gxh4 Bxh4+ 45. Ke2 Qg4+ 46. Kd3 Bg5 47. Ne6 Qf3+ 48. Kc4 Qxe4+ 49. Kb5 Be3 50. Qf8+ Kh5 51. Qh8+ Kg4 52. Qxf6 Qxd5+ 53. Kb4 Bd2+ 54. Ka3 Qa5+ 55. Kb2 Qc3+ 56. Ka3 Bc1+ 57. Ka4 Qc6+ 58. Kb4 Bd2+ 59. Ka3 Qa6+ 60. Kb2 Qe2 61. Qxg6+ Kf3 62. Qh5+ Ke3 63. Qxe5+ Kf2 64. Qxe2+ Kxe2 65. Kc2 Bb4 66. Nd4+ Ke3 67. Nc6 a5 68. a4 Ke4 69. Nxb4 Kd4 70. Nd3 Kd5 71. Kc3 Kc6 72. Nb2 Kc5 73. Nc4 Kc6 74. Nxa5+ Kb6 75. Nc4+ Kc5 76. Nb2 1-0

[Event "Titled Tuesday intern op 06th Oct"]
[Site "Chess.com INT"]
[Date "2020.10.06"]
[Round "5"]
[White "Aizpurua, Patrick Emilio"]
[Black "Garic, Radomir"]
[Result "1-0"]
[WhiteElo "2310"]
[BlackElo "2244"]
[PlyCount "107"]
[EventDate "2020.10.06"]
[EventType "swiss (blitz)"]
[EventRounds "10"]
[EventCountry "USA"]
[SourceTitle "CBM 198 Extra"]
[Source "ChessBase"]
[SourceDate "2020.11.30"]
[SourceVersion "1"]
[SourceVersionDate "2020.11.30"]
[SourceQuality "1"]

1. d4 Nf6 2. Nf3 c5 3. d5 g6 4. c4 b5 5. cxb5 a6 6. b6 a5 7. Nc3 Ba6 8. Qb3 Bg7 9. e4 0-0 10. e5 Ng4 11. Bf4 d6 12. h3 Nxe5 13. Nxe5 dxe5 14. Be3 Bxf1 15. Kxf1 Nd7 16. Na4 Rb8 17. Bd2 c4 18. Qf3 Qc8 19. Be3 Qa6 20. Kg1 f5 21. Qe2 f4 22. Bd2 Nxb6 23. Nxb6 Qxb6 24. Bc3 f3 25. gxf3 Rf5 26. h4 Rbf8 27. Rh3 Rd8 28. Rd1 Qc5 29. h5 Rxd5 30. Rxd5 Qxd5 31. hxg6 hxg6 32. Rg3 Kf7 33. Kg2 Rh5 34. Qc2 Qc6 35. Qe4 Qxe4 36. fxe4 Rh4 37. Kf3 Bh6 38. Rg4 Rh3+ 39. Ke2 Kf6 40. f4 Rh2+ 41. Kf1 Rc2 42. Bxe5+ Kf7 43. Rg2 Rc1+ 44. Kf2 Ra1 45. a3 Bf8 46. Kf3 e6 47. Rc2 Rf1+ 48. Ke2 Rh1 49. Rxc4 Rh2+ 50. Kf3 g5 51. Rc7+ Kg6 52. fxg5 Kxg5 53. Bxh2 Bd6 54. Bxd6 1-0